| Поле | Инд. | ПП | Название | Значение |
|---|---|---|---|---|
| Тип записи | a | |||
| Библиографический уровень | a | |||
| 001 | Контрольный номер | 4b3a1567f6d64837a5faf1dcc0d10117 | ||
| 005 | Дата корректировки | 20181124200616.8 | ||
| 100 | a | Данные общей обработки | 20181112 ||| 0rusy0189 ca | |
| 101 | 0_ | a | Язык текста | rus |
| 102 | a | Страна публикации | RU | |
| 200 | 1_ | f | Первые сведения об ответственности | А.В. Потапов, Ю.А. Бурлова |
| a | Заглавие | История становления кадастрового учета земель | ||
| b | Общее обозначение материала | Текст | ||
| 210 | d | Дата издания | 2017 | |
| 461 | _0 | 1 | 2000 | |
| a | Закон и право | |||
| 463 | _0 | 1 | 2000 | |
| a | №8 | |||
| v | С. 54-61 | |||
| 1 | 2101 | |||
| d | 2017 | |||
| 1 | 001c7cc9c8d1c534e92b9d81f95d3d3b441 | |||
| 606 | a | Основная рубрика | Природоресурсное право. Природоохранительное право | |
| 610 | 0_ | a | Ключевые слова | ИСТОРИЯ ПРАВА РОССИИ |
| a | Ключевые слова | ЗЕМЕЛЬНОЕ ПРАВО | ||
| a | Ключевые слова | ЗЕМЛЕПОЛЬЗОВАНИЕ | ||
| a | Ключевые слова | ЗЕМЕЛЬНЫЙ КАДАСТР | ||
| 700 | _1 | a | Фамилия | Потапов |
| b | Имя | А.В. | ||
| 701 | _1 | a | Фамилия | Бурлова |
| b | Имя | Ю.А. | ||
| 801 | _0 | a | Страна | RU |
| b | Организация | РГУП | ||
| c | Дата составления | 20181112 | ||
| g | Правила каталогизации | PSBO | ||
| 801 | _1 | a | Страна | RU |
| b | Организация | РГУП | ||
| c | Дата составления | 20181112 | ||
| g | Правила каталогизации | PSBO | ||
| 901 | t | Тип документа | b | |
| w | Контрольный № источника | c7cc9c8d1c534e92b9d81f95d3d3b441 | ||
| 905 | a | Дата ввода | 20181112 |